| 000 | 014740000a22003370004500 | ||
|---|---|---|---|
| 003 | EG-GiCUC | ||
| 005 | 20250223025716.0 | ||
| 008 | 081227s2008 ua h f m 000 0 eng d | ||
| 040 |
_aEG-GiCUC _beng _cEG-GiCUC |
||
| 041 | 0 | _aEng | |
| 049 | _aDeposite | ||
| 097 | _aM.Sc | ||
| 099 | _aCai01.11.10.M.Sc.2008.Ra.D | ||
| 100 | 0 | _aRasha Abuelwafa Zaki | |
| 245 | 1 | 0 |
_aDermatoses of pregnancy / _cRasha Abuelwafa Zaki ; Supervised Nadia Farag Saleh , Dalia Ahmed Bassiouny |
| 246 | 1 | 5 | _aالامراض الجلدية فى الحمل |
| 260 |
_aCairo : _bRasha Abuelwafa Zaki , _c2008 |
||
| 300 |
_a129P. : _bfacsimiles ; _c25cm |
||
| 502 | _aThesis(M.Sc.) - Cairo University - Faculty of Medicine - Department of Dermatology and Venerology | ||
| 520 | _aAwareness of pregnancy - related skin changes can facilitate improved care of women during pregnancy by identifying those skin changes that require further evaluation.Women experience significant immunologic , endocrine , vascular and metabolic changes during pregnancy that can cause both physiologic and pathologic alterations in the skin , nails and hair | ||
| 530 | _aIssued also as CD | ||
| 653 | 4 | _aDermatoses | |
| 653 | 4 | _aPregnancy | |
| 653 | 4 | _aPruritic dermatoses | |
| 700 | 0 |
_aDalia Ahmed Bassiouny , _eSupervisor |
|
| 700 | 0 |
_aNadia Farag Saleh , _eSupervisor |
|
| 856 | _uhttp://172.23.153.220/th.pdf | ||
| 905 |
_aFatma _eCataloger |
||
| 905 |
_aNazla _eRevisor |
||
| 942 |
_2ddc _cTH |
||
| 999 |
_c18904 _d18904 |
||